Pokémon that do not/cannot evolve - Statistics

General Stats
  • This quiz has been taken 70 times
    44 since last reset
  • The average score is 144 of 165
Answer Stats
Gen Type Pokémon % Correct
3 Dark Absol
100%
1 Rock/Flying Aerodactyl
100%
1 Ice/Flying Articuno
100%
4 Psychic Azelf
100%
2 Psychic/Grass Celebi
100%
4 Dark Darkrai
100%
2 Ice/Flying Delibird
100%
4 Steel/Dragon Dialga
100%
2 Fire Entei
100%
2 Psychic/Normal Girafarig
100%
4 Ghost/Dragon Giratina
100%
3 Ground Groudon
100%
4 Fire/Steel Heatran
100%
2 Bug/Fighting Heracross
100%
2 Fire/Flying Ho-oh
100%
3 Bug Illumise
100%
3 Steel/Psychic Jirachi
100%
3 Water Kyogre
100%
3 Dragon/Psychic Latias
100%
3 Dragon/Psychic Latios
100%
2 Psychic/Flying Lugia
100%
3 Rock/Psychic Lunatone
100%
3 Water Luvdisc
100%
4 Water Manaphy
100%
3 Steel/Fairy Mawile
100%
4 Psychic Mesprit
100%
1 Psychic Mew
100%
1 Psychic Mewtwo
100%
3 Electric Minun
100%
1 Fire/Flying Moltres
100%
4 Water/Dragon Palkia
100%
4 Water Phione
100%
1 Bug Pinsir
100%
3 Electric Plusle
100%
2 Electric Raikou
100%
3 Dragon/Flying Rayquaza
100%
3 Ice Regice
100%
4 Normal Regigigas
100%
3 Rock Regirock
100%
3 Steel Registeel
100%
4 Electric/Ghost Rotom
100%
4 Grass Shaymin
100%
2 Steel/Flying Skarmory
100%
3 Rock/Psychic Solrock
100%
2 Water Suicune
100%
4 Psychic Uxie
100%
3 Bug Volbeat
100%
1 Electric/Flying Zapdos
100%
4 Normal Arceus
96%
3 Normal Castform
96%
4 Psychic Cresselia
96%
3 Psychic Deoxys
96%
1 Normal Ditto
96%
5 Bug/Steel Durant
96%
5 Fire Heatmor
96%
1 Water/Ice Lapras
96%
4 Electric Pachirisu
96%
2 Water/Poison Qwilfish
96%
3 Water/Rock Relicanth
96%
3 Dark/Ghost Sableye
96%
2 Bug/Rock Shuckle
96%
3 Fire Torkoal
96%
3 Grass/Flying Tropius
96%
3 Normal Zangoose
96%
6 Rock/Fairy Carbink
92%
5 Steel/Fighting Cobalion
92%
6 Rock/Fairy Diancie
92%
2 Normal Dunsparce
92%
5 Bug/Steel Genesect
92%
3 Normal Kecleon
92%
5 Dragon/Ice Kyurem
92%
5 Ground/Flying Landorus
92%
5 Dragon/Fire Reshiram
92%
3 Poison Seviper
92%
3 Normal Spinda
92%
4 Ghost/Dark Spiritomb
92%
5 Ground/Electric Stunfisk
92%
7 Water/Fairy Tapu Fini
92%
1 Normal Tauros
92%
5 Rock/Fighting Terrakion
92%
5 Fighting Throh
92%
5 Electric/Flying Thundurus
92%
5 Flying Tornadus
92%
5 Grass/Fighting Virizion
92%
6 Fire/Water Volcanion
92%
6 Fairy Xerneas
92%
6 Dark/Flying Yveltal
92%
5 Dragon/Electric Zekrom
92%
6 Dragon/Ground Zygarde
92%
5 Normal Audino
88%
4 Normal/Flying Chatot
88%
7 Normal/Dragon Drampa
88%
5 Dragon Druddigon
88%
5 Electric/Flying Emolga
88%
6 Fighting/Flying Hawlucha
88%
6 Psychic/Ghost Hoopa
88%
1 Normal Kangaskhan
88%
5 Water/Fighting Keldeo
88%
6 Steel/Fairy Klefki
88%
5 Normal/Psychic Meloetta
88%
2 Normal Miltank
88%
7 Rock/Poison Nihilego
88%
5 Fighting Sawk
88%
7 Grass/Fairy Tapu Bulu
88%
7 Electric/Fairy Tapu Koko
88%
7 Psychic/Fairy Tapu Lele
88%
5 Psychic/Fire Victini
88%
5 Water Alomomola
83%
7 Bug/Fighting Buzzwole
83%
6 Electric/Fairy Dedenne
83%
7 Ghost/Grass Dhelmise
83%
7 Grass/Steel Kartana
83%
8 Dragon Regidrago
83%
8 Electric Regieleki
83%
7 Rock/Steel Stakataka
83%
5 Water Basculin
79%
7 Water/Psychic Bruxish
79%
4 Grass Carnivine
79%
5 Ice Cryogonal
79%
8 Poison/Dragon Eternatus
79%
7 Fighting/Ghost Marshadow
79%
7 Ghost/Fairy Mimikyu
79%
5 Psychic/Flying Sigilyph
79%
2 Normal Smeargle
79%
7 Electric/Steel Togedemaru
79%
2 Psychic Unown
79%
7 Electric Xurkitree
79%
8 Fairy Zacian
79%
8 Fighting Zamazenta
79%
7 Fire/Ghost Blacephalon
75%
7 Steel/Flying Celesteela
75%
6 Normal Furfrou
75%
7 Dark/Dragon Guzzlord
75%
5 Grass Maractus
75%
7 Rock/Flying Minior
75%
7 Psychic Necrozma
75%
7 Normal/Psychic Oranguru
75%
7 Fire/Flying Oricorio
75%
7 Fighting Passimian
75%
8 Ghost Spectrier
75%
7 Fire/Dragon Turtonator
75%
8 Psychic/Grass Calyrex
71%
8 Ice Glastrier
71%
7 Steel/Fairy Magearna
71%
8 Electric/Dark Morpeko
71%
7 Water Pyukumuku
71%
7 Electric Zeraora
71%
8 Water/Ice Arctovish
67%
8 Electric/Ice Arctozolt
67%
5 Normal Bouffalant
67%
8 Flying/Water Cramorant
67%
8 Water/Dragon Dracovish
67%
8 Electric/Dragon Dracozolt
67%
7 Bug/Fighting Pheromosa
67%
8 Dark/Grass Zarude
67%
7 Fairy Comfey
63%
8 Ice Eiscue
63%
8 Fairy/Flying Enamorus
63%
8 Rock Stonjourner
63%
8 Steel/Dragon Duraludon
58%
8 Fighting Falinks
58%
7 Water Wishiwashi
58%
8 Psychic/Normal Indeedee
54%
8 Electric Pincurchin
54%
7 Normal Komala
46%
No matching quizzes found
Score Distribution
Percent of People with Each Score
Percentile by Number Answered
Your Score History
You have not taken this quiz since the last reset